|
|
|
|
| LEADER |
00853pam a22002418a 4500 |
| 001 |
00037487 |
| 005 |
20171026081025.0 |
| 008 |
170513s2006 ||||||Viesd |
| 041 |
0 |
# |
|a Vie
|
| 082 |
1 |
4 |
|a 658.8
|b TH308K
|
| 100 |
1 |
# |
|a Nelson, Roy Paul
|
| 245 |
1 |
0 |
|a Thiết kế quảng cáo
|c Roy Paul Nelson, Ngô Thanh Phượng [dịch]
|
| 246 |
0 |
1 |
|a the design of advertising
|
| 260 |
# |
# |
|b Văn Hóa sài Gòn
|c 2006
|a TP. Hồ Chí Minh
|
| 300 |
# |
# |
|b 24 cm
|a 503tr.
|
| 653 |
# |
# |
|a Thiết kế
|a quảng cáo
|a Thiết kế quảng cáo
|
| 700 |
1 |
# |
|a Ngô, Thanh Phượng
|
| 852 |
# |
# |
|b Kho mượn
|j KM.0022229
|
| 852 |
# |
# |
|b Kho đọc
|j KD.0021145, KM.0022229
|
| 852 |
# |
# |
|j KM.0022229
|j KD.0021145
|
| 910 |
|
|
|d 13/05/2017
|
| 980 |
# |
# |
|a Trung tâm Học liệu Lê Vũ Hùng, Trường Đại học Đồng Tháp
|